Higher productivity in agriculture. (Record no. 36496)

MARC details
000 -LEADER
fixed length control field 00365nam a2200133Ia 4500
082 ## - DEWEY DECIMAL CLASSIFICATION NUMBER
Classification number 631.524.84
Item number DAS
100 ## - MAIN ENTRY--AUTHOR NAME
Personal name CHATTOPADHYAY, N C
245 #0 - TITLE STATEMENT
Title Higher productivity in agriculture.
260 ## - PUBLICATION, DISTRIBUTION, ETC. (IMPRINT)
Place of publication New Delhi
Name of publisher Oxford & IBH
Year of publication 1980
650 ## - SUBJECT ADDED ENTRY--TOPICAL TERM
Topical Term Agricultural productivity
700 ## - ADDED ENTRY--PERSONAL NAME
Personal name DASGUPTA, D K
942 ## - ADDED ENTRY ELEMENTS (KOHA)
Koha item type Books
Holdings
Withdrawn status Lost status Damaged status Not for loan Home library Current library Date acquired Full call number Accession Number Koha item type
        RRII Library RRII Library 16/12/2021 631.524.84 DAS 16902 Books